Normal view
MARC view
Entry Personal Name
001 - CONTROL NUMBER
- control field: 24646
003 - CONTROL NUMBER IDENTIFIER
- control field: dpl
005 - DATE AND TIME OF LATEST TRANSACTION
- control field: 20101207145200.0
008 - FIXED-LENGTH DATA ELEMENTS
- fixed length control field: 101207|||a|||||| | ||| d
040 ## - CATALOGING SOURCE
- Original cataloging agency: dpl
- Transcribing agency: dpl
100 ## - HEADING--PERSONAL NAME
- Personal name: Beteille,Andre
670 ## - SOURCE DATA FOUND
- Source citation: Work cat.: (dpl): Beteille,Andre, Universities at the crossroads /, 2010
670 ## - SOURCE DATA FOUND
- Source citation: Work cat.: (dpl): Beteille,Andre, Universities at the crossroads /, 2010
